• 首页
  • 本馆介绍
  • 公告通知
  • 最新文献
  • 馆藏检索
  • 电子资源
  • 读者导购
  • 参考咨询
  • 我的图书馆
  • 登录
  • 详细信息显示
  • 放入我的书架
  • 预约/预借图书
  • 作者相关作品
  • 分类相关作品
  • 丛书相关作品
  • 出版社相关作品

书目信息

  • 表格格式
  • 工作单格式
  • 卡片格式
题名:
中国航母
    
 
作者: 陈文中 , 陈润之 著
分册:  
出版信息: 北京   中国发展出版社  2012.05
页数: 274页
开本: 23cm
丛书名:
单 册:
中图分类: E925.671
科图分类:
主题词: 航空母舰--中国 , 航空母舰
电子资源:
ISBN: 978-7-80234-763-2
000 01035nam0 2200277 450
001 010700129886
005 20130608084836.17
010    @a978-7-80234-763-2@dCNY39.80
035    @a005808964
100    @a20120612d2012 em y0chiy0110 ea
101 0  @achi
102    @aCN@b110000
105    @aa z 000yy
106    @ar
200 1  @a中国航母@9zhong guo hang mu@e一本书让你全面了解中国航母@f陈文中,陈润之著
210    @a北京@c中国发展出版社@d2012.05
215    @a274页@c图,照片@d23cm
330    @a本书详尽地解读了中国为什么要造航母、中国为什么长期造不出航母等一系列问题,清晰地描绘了中国航母的百年发展历程,全方位地介绍了中国第一艘航母“瓦良格”号的各种情况。同时,对美、俄、英、法等国的航母也有所介绍。
517 1  @a一本书让你全面了解中国航母@9yi ben shu rang ni quan mian liao jie zhong guo hang mu
606 0  @a航空母舰@y中国
606 0  @a航空母舰
690    @aE925.671@v5
701  0 @a陈文中@9chen wen zhong@c(军事)@4著
701  0 @a陈润之@9chen run zhi@4著
801  0 @aCN@bNLC@c20120824
905    @dE925.671@e31
    
    中国航母:一本书让你全面了解中国航母/陈文中,陈润之著.-北京:中国发展出版社,2012.05
    274页:图,照片;23cm
    
    
    ISBN 978-7-80234-763-2:CNY39.80
    本书详尽地解读了中国为什么要造航母、中国为什么长期造不出航母等一系列问题,清晰地描绘了中国航母的百年发展历程,全方位地介绍了中国第一艘航母“瓦良格”号的各种情况。同时,对美、俄、英、法等国的航母也有所介绍。
●
相关链接 在E读中查询图书 在五车中查询图书 在当当中查询图书 在豆瓣中查询图书


正题名:中国航母     索取号:E925.671/31         预约/预借

序号 登录号 条形码 馆藏地/架位号 状态 备注
1 0543555   205435554   第一样本阅览室/ [索取号:E925.671/31] 在馆    
2 0543556   205435563   第一借阅区/ [索取号:E925.671/31] 在馆    
3 0543557   205435572   第一借阅区/ [索取号:E925.671/31] 在馆    
4 0543558   205435581   第一借阅区/ [索取号:E925.671/31] 在馆    
5 0543559   205435590   第一借阅区/ [索取号:E925.671/31] 在馆    
唐山师范学院图书馆 欢迎您!
大连网信软件有限公司© 版权所有